Valeur marchande >100M€ Joueurs de foot, dans l'Histoire - Statistiques

Statistiques générales
  • Ce quiz a été pris 371 fois
    70 depuis la dernière actualisation
  • Le résultat moyen est 38 sur 54
Statistiques - réponses
VALEUR MAX Date de la valeur max Pays / Nationnalité Réponse % Correct
200M 2024 NORVÈGE Haaland
100%
200M 2025 ESPAGNE Yamal
100%
200M 2018 FRANCE Mbappe
98%
180M 2018 ARGENTINE Messi
98%
150M 2018 EGYPTE Salah
95%
150M 2019 SÉNÉGAL Mané
95%
180M 2018 BRÉSIL Neymar
95%
180M 2023 ANGLETERRE Bellingham
94%
150M 2018 BELGIQUE De Bruyne
94%
150M 2018 ANGLETERRE Kane
94%
200M 2024 BRESIL Vinicius
94%
150M 2018 FRANCE Griezmann
92%
120M 2014 PORTUGAL Ronaldo
89%
150M 2018 BELGIQUE Hazard
85%
140M 2025 SUEDE Isak
85%
120M 2023 NIGERIA Osimhen
85%
120M 2019 FRANCE Dembélé
82%
150M 2024 ANGLETERRE Foden
79%
140M 2024 ALLEMAGNE Musiala
79%
110M 2024 BRESIL Rodrygo
77%
130M 2024 URUGUAY Valverde
77%
110M 2024 NORVEGE Odegaard
76%
110M 2025 PORTUGAL Vitinha
76%
140M 2022 ESPAGNE Pedri
74%
110M 2025 PORTUGAL Neves
73%
120M 2024 ANGLETERRE Rice
73%
110M 2025 EQUATEUR Caicedo
71%
100M 2018 BELGIQUE Lukaku
71%
100M 2019 FRANCE Pogba
70%
130M 2025 FRANCE Olise
68%
130M 2024 ESPAGNE Rodri
68%
100M 2019 PAYS-BAS Van Dijk
68%
140M 2024 ALLEMAGNE Wirtz
68%
150M 2024 ANGLETERRE Saka
67%
100M 2019 DANEMARK Eriksen
65%
110M 2023 ARGENTINE Martinez
65%
100M 2018 FRANCE Kanté
62%
100M 2019 SLOVENIE Oblak
62%
100M 2019 PORTUGAL Bernardo Silva
61%
130M 2024 ANGLETERRE Palmer
61%
100M 2025 ARGENTINE Alvarez
53%
150M 2018 BRÉSIL Coutinho
53%
160M 2019 ANGLETERRE Sterling
52%
100M 2024 FRANCE Tchouaméni
48%
100M 2024 FRANCE Camavinga
44%
100M 2021 ANGLETERRE Grealish
41%
100M 2018 ANGLETERRE Dele Alli
39%
110M 2018 ARGENTINE Dybala
39%
100M 2025 ARGENTINE Mac Allister
39%
130M 2020 ANGLETERRE Sancho
39%
100M 2019 PORTUGAL Félix
36%
100M 2018 ALLEMAGNE Sané
36%
110M 2019 ANGLETERRE Alexander Arnold
33%
100M 2018 ARGENTINE Icardi
18%
Aucun quiz correspondant
Distribution des résultats
% des personnes avec chaque résultat
Percentile par nombre de réponses
Votre historique - résultats
Vous n’avez pas pris ce quiz depuis la dernière actualisation